| 000 | 00746nam a22002297a 4500 | ||
|---|---|---|---|
| 001 | 7995 | ||
| 003 | FISKH | ||
| 005 | 20250818104929.0 | ||
| 008 | 250818b cb ||||| |||| 00| 0 eng d | ||
| 020 | _a9781568998008 | ||
| 040 |
_aFISKH _beng _cFISKH _dFISKH |
||
| 050 | _aQL737.U63 G35 | ||
| 082 | _a 599.668 | ||
| 100 | _aGalvin, Laura Gates | ||
| 245 |
_aRhinoceros's bathtime : _cLet's go to the zoo! / |
||
| 260 |
_aWashington : _bSound Prints, _c2002. |
||
| 300 |
_a16 unnumbered pages : _bcolor illustrations ; _c18 cm |
||
| 505 | _aNP | ||
| 520 | _aPictures taken at the Smithsonian Institution's National Zoo in Washington, D.C. show a baby rhino and his mother enjoying a mud bath. | ||
| 942 |
_2ddc _cBK _n0 |
||
| 999 |
_c7995 _d7995 |
||